00973nam a22002657a 45000010005000000030006000050050017000110080041000280200017000690400029000860500016001150820011001311000020001422450075001622500039002372600040002763000043003165050008003595200183003675210029005505210020005796500041005996500031006407000036006717372FISKH20250711084354.0250710b cb ||||| |||| 00| 0 eng d a046594005953 aFISKHbengcFISKHdFISKH aPZ7.C5792 R a813.54 aCleary, Beverly aRalph S. Mouse /cBy Beverly Cleary : Illustrated by Paul O. Zelinsky aFirst Harper Trophy edition , 2000 aNew York :bHarper Trophy , c1982. a159 pages : billustrations ;c20 cm . aN  aPresents the further adventures of a motorcycle-riding mouse who goes to school and becomes the instigator of an investigation of rodents and the peacemaker for two lonely boys. 8 a580 bLexile estimate 8 aN bRaz-Plus  aTalking animalsvJuvenile Literature aMousevJuvenile Literature aZelinsky, Paul O.eIllustrator